| 000 | 00342 a2200109 4500 | ||
|---|---|---|---|
| 001 | ART_9266 | ||
| 005 | 20260410161846.0 | ||
| 008 | 260409a | ||
| 245 | 1 | 0 | _aCinco etapas de mi pensamiento sobre el desarrollo |
| 100 | 1 | _aPrebisch, Raúl | |
| 773 | 0 |
_tEl trimestre económico _g- Vol. L, Nº 198 (abr./jun. 1983) _wREV6933 |
|
| 999 |
_c24527 _d24527 |
||